Statistical methods for health care research (Record no. 34691)

MARC details
000 -LEADER
fixed length control field 00465nam a22001817a 4500
005 - DATE AND TIME OF LATEST TRANSACTION
control field 20231103180554.0
008 - FIXED-LENGTH DATA ELEMENTS--GENERAL INFORMATION
fixed length control field 231103b |||||||| |||| 00| 0 eng d
020 ## - INTERNATIONAL STANDARD BOOK NUMBER
ISBN 9780781721752
082 ## - DEWEY DECIMAL CLASSIFICATION NUMBER
Classification number 610.727
Item number MUN-S
100 ## - MAIN ENTRY--AUTHOR
Author Name Munro,Barbara Hazard
245 ## - TITLE STATEMENT
Title Statistical methods for health care research
260 ## - PUBLICATION, DISTRIBUTION, ETC.
Place of Publication USA
Name of publisher, distributor, etc. Lippincott
Date of publication, distribution, etc. 2001
300 ## - PHYSICAL DESCRIPTION
Pages 457
500 ## - GENERAL NOTE
General note Include Index
650 ## - SUBJECT ADDED ENTRY--TOPICAL TERM
Subject / Department Medical
700 ## - ADDED ENTRY--PERSONAL NAME
Personal name Barbara Hazard Munro
952 ## - LOCATION AND ITEM INFORMATION (KOHA)
-- 0
-- 0
Holdings
Lost status Damaged status Collection code Permanent Location Current Location Shelving Location Date acquired Full Call Number Accession No./Barcode Date last seen item type Koha item type
    Medical /Allied Heath Science Superior Information Resource Center (SIRC) Superior University- Main Campus Superior Information Resource Center (SIRC) Superior University- Main Campus Medical 11/03/2023 610.727 MUN-S 2001 20940 11/03/2023 BOOK BOOK

Powered by Koha